• 首页
  • 本馆介绍
  • 公告通知
  • 最新文献
  • 馆藏检索
  • 电子资源
  • 读者导购
  • 参考咨询
  • 我的图书馆
  • 登录
  • 详细信息显示
  • 放入我的书架
  • 预约/预借图书
  • 作者相关作品
  • 分类相关作品
  • 丛书相关作品
  • 出版社相关作品

书目信息

  • 表格格式
  • 工作单格式
  • 卡片格式
题名:
中老年人运动生理与体育保健实践探究
    
 
作者: 张红品 著
分册:  
出版信息: 北京   中国纺织出版社有限公司  2020.01
页数: 319页
开本: 23cm
丛书名:
单 册:
中图分类: G804.21 , R161
科图分类:
主题词: 中年人--zhong nian ren--运动生理--研究 , 老年人--lao nian ren--运动生理--研究 , 中年人--zhong nian ren--健身运动--研究 , 老年人--lao nian ren--健身运动--研究
电子资源:
ISBN: 978-7-5180-6409-0
000 01144nam0 2200277 450
001 0109110028
005 20201109110332.0
010    @a978-7-5180-6409-0@dCNY75.00
100    @a20200408d2020 em y0chiy50 ea
101 0  @achi
102    @aCN@b110000
105    @aa z 000yy
106    @ar
200 1  @a中老年人运动生理与体育保健实践探究@Azhong lao nian ren yun dong sheng li yu ti yu bao jian shi jian tan jiu@f张红品著
210    @a北京@c中国纺织出版社有限公司@d2020.01
215    @a319页@c图@d23cm
330    @a本书主要是对中老年人运动生理以及体育保健实践的分析,主要内容有:老龄化社会分析、中老年人体质特征、中老年群体常见健康问题、中老年人心理特征、亚健康问题、有氧运动保健理论、社区老年人卫生保健、中老年人体育保健中的合理膳食、中老年人健身运动实践项目等。
606 0  @a中年人@Azhong nian ren@x运动生理@x研究
606 0  @a老年人@Alao nian ren@x运动生理@x研究
606 0  @a中年人@Azhong nian ren@x健身运动@x研究
606 0  @a老年人@Alao nian ren@x健身运动@x研究
690    @aG804.21@v5
690    @aR161@v5
701  0 @a张红品@Azhang hong pin@4著
801  0 @aCN@bBJSZM@c20201103
905    @b1264271-5@dG804.21@e826@f5
    
    中老年人运动生理与体育保健实践探究/张红品著.-北京:中国纺织出版社有限公司,2020.01
    319页:图;23cm
    
    
    ISBN 978-7-5180-6409-0:CNY75.00
    本书主要是对中老年人运动生理以及体育保健实践的分析,主要内容有:老龄化社会分析、中老年人体质特征、中老年群体常见健康问题、中老年人心理特征、亚健康问题、有氧运动保健理论、社区老年人卫生保健、中老年人体育保健中的合理膳食、中老年人健身运动实践项目等。
●
相关链接 在E读中查询图书 在五车中查询图书 在当当中查询图书 在豆瓣中查询图书


正题名:中老年人运动生理与体育保健实践探究     索取号:G804.21/826         预约/预借

序号 登录号 条形码 馆藏地/架位号 状态 备注
1 1264271   212642719   第一样本阅览室/ [索取号:G804.21/826] 在馆    
2 1264272   212642728   教育系资料室/ [索取号:G804.21/826] 在馆    
3 1264273   212642737   教育系资料室/ [索取号:G804.21/826] 在馆    
4 1264274   212642746   第四借阅区/ [索取号:G804.21/826] 在馆    
5 1264275   212642755   第四借阅区/ [索取号:G804.21/826] 在馆    
唐山师范学院图书馆 欢迎您!
大连网信软件有限公司© 版权所有